[Event "11th Mumbai Mayors Cup 2018"]
[Site "Mumbai"]
[Date "2018.06.08"]
[Round "8"]
[White "Sandipan, Chanda"]
[Black "Ziatdinov, Raset"]
[Result "1/2-1/2"]
[WhiteElo "2571"]
[BlackElo "2281"]
[Annotator "TA"]
[PlyCount "52"]
[EventDate "2018.??.??"]
[EventType "swiss"]
[EventCountry "IND"]
[SourceTitle "playchess.com"]
[Source "ChessBase"]
[SourceQuality "1"]

{[%evp 9,52,42,43,31,50,51,55,60,60,50,72,39,33,39,37,20,49,27,48,12,27,-204,-212,-252,-243,-155,-191,-245,-243,-243,-239,-217,-153,-160,-159,-176,-167,-218,-60,-60,0,-137,0,-59,0]} 1. d4 f5 2. Bf4 Nf6 3. e3 e6 4. Be2 Bd6 $146 ({Predecessor:} 4... b6 5. Bf3 d5 6. c4 c6 7. Nc3 Bd6 8. Nge2 O-O 9. O-O Ba6 10. cxd5 cxd5 11. Re1 Nc6 {1-0 (45) Morozevich,A (2683)-Kamsky,G (2637) Sochi 2016}) 5. Bxd6 cxd6 6. Nf3 {A80: Dutch Defence: Unusual White second moves} b6 7. c4 Bb7 8. d5 {White is slightly better.} Na6 9. Nc3 Nc5 10. Nd4 O-O 11. O-O Qe7 12. Re1 Nfe4 13. Rc1 Qh4 14. g3 Qh6 {White should prevent ...Nxf2!} 15. Bf1 $2 {[#]} (15. Nxe4 $11 fxe4 16. Rf1) 15... Nxf2 $1 $19 {[%mdl 512]} 16. Kxf2 {Kg1 is the strong threat.} Qxh2+ 17. Bg2 {Strongly threatening Nde2.} Ne4+ $1 18. Kf1 Nxg3+ 19. Kf2 Ne4+ $1 20. Kf1 exd5 21. Nxd5 Bxd5 22. cxd5 f4 {White must now prevent ...fxe3+.} 23. Nf3 {[#]} Ng3+ $2 (23... Qg3 $1 $19 {[%csl Ge4][%cal Rg3f2]} 24. Qe2 fxe3 25. Qxe3 Ng5) 24. Kf2 $15 Ne4+ (24... Qh6 $15) 25. Kf1 $17 {[#]} Ng3+ ({Better is} 25... Qg3 $1 $17 {[%csl Ge4][%cal Rg3f2]} 26. Rc2 g5) 26. Kf2 $15 Ne4+ {Precision: White = 52%, Black = 43%.} (26... fxe3+ $15 27. Rxe3 Rf4) 1/2-1/2

[Event "11th Mumbai Mayors Cup 2018"]
[Site "Mumbai"]
[Date "2018.06.08"]
[Round "8"]
[White "Tukhaev, Adam"]
[Black "Kulkarni, Vikramaditya"]
[Result "0-1"]
[WhiteElo "2557"]
[BlackElo "2323"]
[Annotator "TA"]
[PlyCount "84"]
[EventDate "2018.??.??"]
[EventType "swiss"]
[EventCountry "IND"]
[SourceTitle "playchess.com"]
[Source "ChessBase"]
[SourceQuality "1"]

{[%evp 22,84,46,26,36,22,59,-1,47,39,54,45,37,31,50,51,40,34,48,39,33,18,18,18,14,14,14,41,15,19,28,29,21,20,39,14,14,21,6,0,0,0,0,-77,-85,-127,-107,-120,-114,-240,-240,-240,-243,-282,-283,-275,-274,-292,-293,-292,-286,-333,-333,-380,-374]} 1. e4 e6 2. d4 d5 3. Nc3 Nf6 4. e5 Nfd7 5. f4 c5 6. Nf3 Nc6 7. Be3 Qb6 8. Na4 Qa5+ 9. c3 c4 10. b4 Qc7 11. Be2 Be7 12. O-O O-O {C11: French: Classical System: 4 e5 and 4 Bg5 dxe4} 13. Qc2 f6 {[#]} 14. g4 $146 (14. Nb2 $14) ({Predecessor:} 14. exf6 Nxf6 15. Ne5 Nd8 16. Nb2 a5 17. b5 a4 18. Rab1 Nf7 19. b6 Qd8 20. Nxa4 Nxe5 21. dxe5 {½-½ (28) Quesada Perez,Y (2546)-Graf,A (2574) Merida 2007}) 14... b6 {The position is equal.} 15. Nb2 fxe5 16. fxe5 b5 17. a4 $1 {[%cal Ra4b5]} bxa4 18. Nxa4 a5 19. b5 Na7 20. Bg5 Qd8 $1 21. h4 Nxb5 22. Bxe7 Qxe7 23. Ng5 {[%csl Gg5][%cal Rc2h7]} g6 24. Rxf8+ Nxf8 25. Nb6 Rb8 26. Nxc8 Rxc8 27. Rxa5 h6 28. Nf3 Qb7 {Threatening ...Ra8.} 29. Qb2 Rb8 $132 {[%mdl 2048] Black wants to play ...Nxd4! Black puts up resistance} 30. Kf1 Nc7 31. Qd2 Qb1+ 32. Ne1 (32. Kf2 $11) 32... Qb2 $1 $17 {[%cal Rb2d2]} 33. Nf3 Qxd2 $1 34. Nxd2 Nb5 35. Bxc4 (35. Nb1 $17 {was worth a try.}) 35... dxc4 $19 36. Ne4 Nd7 37. Ke2 Kf8 $1 38. Kd2 Ke7 $1 39. Kc2 {[#]} Nc7 $1 40. Ra7 {[#]} Kd8 $1 41. h5 g5 42. Nd6 Nb5 {Precision: White = 44%, Black = 78%.} 0-1

[Event "11th Mumbai Mayors Cup 2018"]
[Site "Mumbai"]
[Date "2018.06.08"]
[Round "8"]
[White "Deepan Chakkravarthy J."]
[Black "Tiwari, Arjun"]
[Result "1-0"]
[WhiteElo "2531"]
[BlackElo "2268"]
[Annotator "TA"]
[PlyCount "83"]
[EventDate "2018.??.??"]
[EventType "swiss"]
[EventCountry "IND"]
[SourceTitle "playchess.com"]
[Source "ChessBase"]
[SourceQuality "1"]

{[%evp 19,83,18,12,12,10,-14,0,0,10,-6,2,0,43,50,57,61,64,38,40,25,83,34,66,58,60,91,173,170,152,128,398,236,315,118,266,248,293,285,282,299,260,223,198,157,235,216,117,0,337,332,434,422,444,465,835,647,820,723,690,699,629,518,480,508,1175,906]} 1. Nf3 Nf6 2. d4 g6 3. Bf4 Bg7 4. e3 c5 5. c3 {[%cal Bc2c3,Bc3d4][%mdl 32]} cxd4 6. cxd4 {A48: 1 d4 Nf6 2 Nf3 g6: Torre, London and Colle Systems} O-O 7. Nc3 d6 8. h3 (8. Be2 Nc6 9. O-O Bf5 10. h3 Rc8 11. Rc1 Qb6 12. Na4 Qa5 13. Nc3 Nb4 14. Qd2 Nbd5 15. Nxd5 Qxd5 16. b3 {½-½ (68) Grachev,B (2654)-Artemiev,V (2692) Sochi 2017}) 8... a6 9. Be2 b5 10. O-O Bb7 {LiveBook: 3 Games} 11. Qb3 Nc6 12. a3 Rc8 13. Rac1 Qb6 $146 ({Predecessor:} 13... Na5 14. Qa2 {½-½ (26) Schulte,R (1738)-Hanewinkel,M (1814) Germany 2017}) 14. Rfd1 Na5 15. Qa2 h6 16. Nd2 Qa7 17. b4 Nc6 18. Nb3 Qa8 19. Bf3 Kh7 (19... Nxb4 $11 {remains equal.} 20. axb4 Bxf3 21. gxf3 Qxf3) 20. Bg3 Nd7 21. h4 f5 22. Nd5 g5 (22... e5 $16 {was called for.}) 23. hxg5 $18 hxg5 24. Qb1 {And now Bg4 would win.} Rf7 $2 {[%mdl 8192]} (24... Kh8 $16 {was worth a try.}) 25. e4 (25. Bh5 $142 Rff8 26. Bg4) 25... g4 {[#]} 26. Be2 $2 ({Not} 26. exf5 gxf3 27. f6+ Kg8 $16) (26. Bxg4 $1 $18 {[%mdl 512]} fxg4 27. e5+ Kh8 28. e6) 26... Na7 (26... Bh6 $16 {keeps fighting.}) 27. Nc7 Rxc7 28. Rxc7 Bxe4 29. Bd3 Nf6 30. Bxd6 Bxd3 31. Qxd3 ({Much less strong is} 31. Rxd3 $6 Ne8 $16) 31... Nd5 32. Rd7 Nc8 {[#]} 33. Bc5 (33. Bc7 $1 $16 {Threatens to win with Rc1.} Qc6 34. Rd8) 33... Rf8 $2 {[%mdl 8192] [#]} (33... Nf4 $1 $11 {and Black is okay.} 34. Qf1 Qc6) 34. Na5 $1 Nd6 35. Bxd6 {White is clearly winning.} exd6 36. Re1 ({But not} 36. Qg3 Rf6 $18) 36... Kh8 (36... Qc8 $142) 37. Qg3 Nf6 38. Qh4+ Kg8 39. Rxd6 {[%cal Bd7d6,Bd6g6,Bg6g7][%mdl 32] aiming for Nc6.} Re8 40. Rf1 Ne4 41. Rg6 Nd2 (41... Qd8 $142 42. Qh5 Nc3) 42. Rxg7+ {Precision: White = 55%, Black = 31%.} 1-0

[Event "11th Mumbai Mayors Cup 2018"]
[Site "Mumbai"]
[Date "2018.06.08"]
[Round "8"]
[White "Pruijssers, Roeland"]
[Black "Sammed Jaykumar, Shete"]
[Result "1-0"]
[WhiteElo "2514"]
[BlackElo "2375"]
[Annotator "TA"]
[PlyCount "108"]
[EventDate "2018.??.??"]
[EventType "swiss"]
[EventCountry "IND"]
[SourceTitle "playchess.com"]
[Source "ChessBase"]
[SourceQuality "1"]

{[%evp 14,108,31,7,38,33,39,41,53,39,59,48,43,40,58,49,54,48,88,55,134,132,154,152,160,83,92,70,100,37,59,43,24,28,31,23,46,30,54,8,20,22,39,47,40,27,33,0,0,0,0,0,0,0,0,0,0,-108,0,0,0,0,0,0,8,0,0,0,0,0,0,0,0,0,0,0,0,0,0,0,789,672,685,552,29984,29985,29985,29986,29986,29987,29987,29988,29988,29989,29991,29992,29997]} 1. e4 e5 2. Nf3 Nc6 3. Bc4 Bc5 4. O-O Nf6 5. d3 d6 6. c3 h6 7. Nbd2 O-O 8. h3 Be6 {C54: Giuoco Piano: 4 c3 Nf6, main lines with 5 d4 and 5 d3} (8... a6 9. Bb3 Re8 10. Re1 Be6 11. Nf1 d5 12. exd5 Bxd5 13. Ng3 Bxb3 14. axb3 Qd5 15. Be3 Rad8 16. Qc2 {0-1 (39) Balogh,C (2657)-Kasimdzhanov,R (2704) Budapest 2015}) 9. b4 Bb6 10. Bxe6 fxe6 {White is slightly better.} 11. Nc4 Ne7 12. Qb3 Qd7 13. a4 c6 14. Nxb6 axb6 {[#]} 15. Be3 $146 Nh5 16. Nd2 Rf6 (16... b5 $14) 17. Nc4 $16 Raf8 18. Nxb6 Qd8 19. a5 ({White should play} 19. Qd1 Nf4 20. Kh2) 19... Ng6 {[%cal Be7g6,Bg6f4,Bf4g2][%mdl 32]} 20. Qd1 Ngf4 {[#]} 21. Kh2 (21. Bxf4 $1 $16 Nxf4 22. Kh2) 21... Nxg2 $1 $14 ({Wrong is} 21... Rg6 $2 22. g3 $18) 22. Kxg2 Rg6+ $1 23. Kh2 $1 Qh4 24. Ra2 $1 Nf4 25. Bxf4 Rxf4 26. Nc4 (26. Rg1 $5 {[%cal Rg1g6]} Rxf2+ 27. Rxf2 Qxf2+ 28. Kh1 Rxg1+ 29. Qxg1 Qf3+ 30. Kh2 $14) 26... Rg5 {[#] aiming for ...Rh5.} 27. Qe2 ({Don't take} 27. a6 $6 bxa6 28. Qe2 (28. Nxd6 $2 Rh5 $19) 28... Rh5 $16) 27... Rh5 28. Qe3 {And now Rg1 would win.} Qf6 $1 29. Nd2 $1 d5 $1 {[%cal Rd5d4]} 30. c4 d4 31. Qg3 {Threatens to win with f3.} Rg5 32. Kg2 $1 Rxg3+ 33. fxg3 Rxf1 34. Nxf1 $11 {[%mdl 4096] Endgame KQ-KRN} Qe7 35. Ra4 (35. b5 $11 {keeps the balance.}) 35... Qe8 ({Better is} 35... h5 $17 {...h4 is the strong threat.} 36. c5 h4) 36. Nd2 Kf7 37. Ra1 Qe7 38. c5 Qg5 39. Nc4 Ke7 40. Rf1 Qh5 41. Re1 Qg5 42. Rf1 Qh5 43. Rf3 {Hoping for Nd6.} Qg5 44. h4 Qc1 45. Nd6 Qb2+ 46. Kh3 {Strongly threatening Rf7+.} Qxb4 $2 {[%mdl 8192]} (46... Qb1 $11 47. Rf7+ Kd8) 47. Rf7+ $18 Kd8 48. Nxb7+ Ke8 49. Nd6+ {White mates.} Kd8 50. a6 {[%cal Ba5a6,Ba6a7][%mdl 32]} Qe1 51. a7 {[%cal Ra7a8]} Qh1+ 52. Kg4 {[%cal Ra7a8]} Qd1+ 53. Rf3 h5+ 54. Kg5 Qxf3 {Precision: White = 63%, Black = 54%.} 1-0

[Event "11th Mumbai Mayors Cup 2018"]
[Site "Mumbai"]
[Date "2018.06.08"]
[Round "8"]
[White "Erigaisi Arjun"]
[Black "Kulkarni Bhakti"]
[Result "1/2-1/2"]
[WhiteElo "2505"]
[BlackElo "2294"]
[Annotator "TA"]
[PlyCount "77"]
[EventDate "2018.??.??"]
[EventType "swiss"]
[EventCountry "IND"]
[SourceTitle "playchess.com"]
[Source "ChessBase"]
[SourceQuality "1"]

{[%evp 16,77,24,21,25,-7,0,-7,3,0,1,-23,0,0,0,0,0,-29,0,-20,-19,-18,-20,-24,-25,-18,-14,-17,-15,-29,-29,-23,-31,-29,-25,-22,-20,-24,-20,-23,-21,-21,-11,-11,-5,-6,-6,-49,-12,-8,0,0,0,0,0,0,0,-82,0,0,0,-77,0,0]} 1. c4 e6 2. d4 d5 3. Nc3 Nf6 4. cxd5 exd5 5. Bg5 Be7 6. e3 O-O 7. Bd3 c6 8. Qc2 h6 9. Bh4 Nh5 {D36: Queen's Gambit Declined: Exchange Variation: Main line (5 Bg5 c6 6 Qc2)} (9... Re8 10. Nge2 Nh5 11. Bxe7 Qxe7 12. h3 a5 13. a3 Nd7 14. Na4 Qh4 15. g3 Qd8 16. g4 Nhf6 17. Ng3 Nf8 18. O-O-O {1-0 (67) Caruana,F (2799)-Kramnik,V (2803) Douglas 2017}) 10. Bg3 Be6 11. Nge2 Nd7 12. Nf4 $146 ({Predecessor:} 12. O-O Rc8 13. Rad1 b5 14. Nf4 Nxf4 15. Bxf4 b4 16. Ne2 Qb6 {½-½ (31) Speelman,J (2630)-Ljubojevic,L (2600) Reykjavik 1991}) 12... Nxf4 13. exf4 {f5 is the strong threat.} Nb6 14. f5 Bd7 15. O-O Rc8 16. Rfe1 Re8 17. Rad1 Bf6 18. Be5 c5 19. Bxf6 Rxe1+ 20. Rxe1 Qxf6 21. dxc5 Rxc5 22. Qb1 Na4 23. Nxa4 Bxa4 24. Rc1 Rxc1+ 25. Qxc1 Bc6 26. h3 Qe5 27. a3 $1 d4 28. Qd2 Qd5 {[%csl Gc6][%cal Rd5g2]} 29. f3 Qe5 30. Kf2 Kf8 31. Qe2 Qf4 32. b4 a6 33. Be4 Bb5 34. Qc2 Qe3+ 35. Kg3 Qe1+ 36. Kf4 {[#]} (36. Kg4 $11 {remains equal.} Qc3 37. Qxc3 dxc3 38. Kf4) 36... Qe3+ ({Black should try} 36... Qh4+ $1 $17 37. g4 Qd8) 37. Kg3 $11 Qe1+ 38. Kf4 {[#]} (38. Kg4 $11 Qc3 39. Qxc3 dxc3 40. Kf4) 38... Qe3+ (38... Qh4+ $1 $17 39. g4 Qd8) 39. Kg3 {Precision: White = 61%, Black = 46%.} 1/2-1/2

[Event "11th Mumbai Mayors Cup 2018"]
[Site "Mumbai"]
[Date "2018.06.08"]
[Round "8"]
[White "Neverov, Valeriy"]
[Black "Abu Sufian, Shakil"]
[Result "0-1"]
[WhiteElo "2492"]
[BlackElo "2248"]
[Annotator "TA"]
[PlyCount "95"]
[EventDate "2018.??.??"]
[EventType "swiss"]
[EventCountry "IND"]
[SourceTitle "playchess.com"]
[Source "ChessBase"]
[SourceQuality "1"]

{[%evp 11,95,33,29,17,16,10,12,16,13,19,22,8,8,8,8,8,32,29,29,30,37,37,39,33,58,43,70,97,94,68,71,69,66,68,97,98,259,230,276,252,253,213,199,199,192,193,332,322,289,206,226,231,227,223,227,222,356,322,408,405,373,406,354,393,383,382,359,332,613,622,608,595,589,595,6421,6368,6327,5827,4456,4169,5941,5933,5766,4622,29978,29979]} 1. d4 d5 2. c4 c6 3. Nf3 Nf6 4. e3 Bf5 5. Nc3 a6 6. Ne5 {D15: Damengambit (Slawische Verteidigung)} (6. Qb3 b5 7. c5 a5 8. Ne5 a4 9. Qd1 g6 10. Be2 Bg7 11. O-O O-O 12. g4 Be6 13. f3 Nfd7 14. Nd3 {½-½ (41) Navara,D (2727)-Eljanov,P (2702) Brest 2018}) 6... Nbd7 {LiveBook: 71 Partien} 7. Be2 Nxe5 8. dxe5 {Die Stellung ist ausgeglichen.} Ne4 9. Nxe4 Bxe4 10. f3 Bf5 $146 ({Vorgänger:} 10... Bg6 11. cxd5 Qxd5 12. Qxd5 cxd5 13. Bd2 Rc8 {1-0 (38) Bhakti,K (2306)-Darnell,A (2087) Prague 2018}) 11. Qb3 Qd7 12. cxd5 cxd5 13. Bd2 e6 14. Rc1 {Und Db6 würde nun gewinnen.} Be7 15. Ba5 $36 {[%mdl 2048] Weiss hat Initiative.} Rc8 16. Rxc8+ Qxc8 17. Kd2 Qc5 18. Qa4+ b5 19. Qb3 $1 d4 20. e4 {Droht stark f4.} Bg5+ 21. Ke1 Bg6 22. h4 {[%cal Bh2h4,Bh4h5][%mdl 32]} Be3 23. h5 Qxe5 $2 (23... Bxe4 $16 24. fxe4 Qxe5) 24. hxg6 $18 Qg3+ 25. Kd1 Qxg2 26. gxf7+ ({Aber nicht} 26. Rxh7 $2 O-O $19) 26... Kxf7 27. Rf1 Rc8 {[%csl Ge3][%cal Rc8c1]} 28. Bd2 Qg5 (28... Bxd2 $142 29. Kxd2 g6) 29. f4 Qc5 {( -> ...Dc1+!)} 30. Ke1 Qc2 {[%csl Ge3][%cal Rc2d2]} 31. Bxe3 dxe3 32. Qxe3 Qxb2 33. Kf2 Qxa2 (33... Qc3 {war einen Versuch wert.} 34. Qa7+ Rc7 35. Qxa6 Qd4+ 36. Kg3 Rc3+ 37. Bf3 h6) 34. Qa7+ Kg8 35. Rg1 {[%csl Gg1][%cal Ra7g7]} Qb2 36. e5 {[%csl Gg1][%cal Ra7g7]} g6 {[#]} 37. Rh1 $1 ({Nicht} 37. Qxa6 Qd4+ 38. Kg2 Rf8 $16) 37... h5 {[#]} 38. Rg1 $1 {[%cal Rg1g6]} Qc2 {beabsichtigt ...Tc4.} 39. Qxa6 Rf8 $2 (39... Qc5+ 40. Kg2 Kf7) 40. Qxe6+ Kg7 41. Qd7+ Rf7 42. Qd4 {Und weiter mit e6+ wäre nett.} Qf5 43. Bd3 Qxf4+ 44. Qxf4 Rxf4+ 45. Ke3 Rb4 46. Rxg6+ Kf7 47. Rh6 h4 48. Bf5 {[%mdl 32768] Precision: Weiß = 87%, Schwarz = 35%. . Loss on Time!?} 0-1

[Event "11th Mumbai Mayors Cup 2018"]
[Site "Mumbai"]
[Date "2018.06.08"]
[Round "8"]
[White "Harsha Bharathakoti"]
[Black "Mozharov, Mikhail"]
[Result "1/2-1/2"]
[WhiteElo "2471"]
[BlackElo "2558"]
[Annotator "TA"]
[PlyCount "85"]
[EventDate "2018.??.??"]
[EventType "swiss"]
[EventCountry "IND"]
[SourceTitle "playchess.com"]
[Source "ChessBase"]
[SourceQuality "1"]

{[%evp 11,85,11,7,0,12,12,3,14,39,39,39,46,39,39,38,44,50,13,23,22,31,20,27,25,35,13,14,0,3,1,13,3,11,0,16,16,14,12,14,0,0,0,0,0,0,0,0,0,0,0,0,0,0,0,0,0,0,0,0,0,0,0,0,0,0,0,0,0,0,0,0,0,0,0,0,0]} 1. c4 e5 2. Nc3 Nf6 3. Nf3 Nc6 4. e3 Bb4 5. Qc2 Bxc3 6. Qxc3 Qe7 7. b3 {A28: English Opening: Four Knights Variation} (7. Be2 d5 8. cxd5 Nxd5 9. Qb3 Nb6 10. d3 Bg4 11. Bd2 O-O-O 12. Rc1 f5 13. h3 Bh5 14. Qa3 Qxa3 15. bxa3 Bxf3 16. gxf3 {0-1 (52) Oleksienko,M (2615)-Navara,D (2726) Germany 2018}) 7... d5 8. d4 exd4 9. Nxd4 Nxd4 10. Qxd4 c5 11. Qf4 O-O $146 ({Predecessor:} 11... Nh5 12. Qf3 Qe5 13. Rb1 Qf5 14. Rb2 Qxf3 15. gxf3 {1-0 (55) Spoelman,W (2586)-Gurevich,V (2475) Germany 2017}) 12. Bb2 d4 13. O-O-O dxe3 14. Re1 Qe4 $1 {[%cal Re4f4]} 15. Qxe3 Bf5 {[%csl Gf5][%cal Re4c2] [#]} 16. Qxe4 Nxe4 17. Bd3 Rfe8 18. Bc2 f6 {The position is equal.} 19. Rhf1 Nd6 20. Bd1 Be4 21. f3 Bg6 22. Bc3 b6 23. g4 h6 24. h4 h5 25. Bd2 Nf7 26. Bf4 Ne5 27. Bxe5 Rxe5 28. Rxe5 fxe5 $11 {[%mdl 4096] Endgame KRB-KRB} 29. Re1 Re8 $1 30. Bc2 Kf7 31. Bxg6+ Kxg6 {KR-KR} 32. Kd2 Kf6 33. Ke3 Rh8 34. Rh1 Ke6 35. Rh2 Kf6 36. Ke4 Ke6 37. Ke3 g6 38. Rh1 Rh7 39. Rh2 Kf6 40. Rg2 hxg4 41. Rxg4 Kf5 42. Rg5+ Kf6 43. Rg4 {Precision: White = 74%, Black = 78%.} 1/2-1/2

[Event "11th Mumbai Mayors Cup 2018"]
[Site "Mumbai"]
[Date "2018.06.08"]
[Round "8"]
[White "Neelotpal, Das"]
[Black "Kiran, Manisha Mohanty"]
[Result "1/2-1/2"]
[WhiteElo "2447"]
[BlackElo "2043"]
[Annotator "TA"]
[PlyCount "64"]
[EventDate "2018.??.??"]
[EventType "swiss"]
[EventCountry "IND"]
[SourceTitle "playchess.com"]
[Source "ChessBase"]
[SourceQuality "1"]

{[%evp 9,64,12,11,22,22,16,61,52,57,50,50,45,62,48,52,39,50,51,108,74,80,67,145,145,159,181,177,180,234,142,130,108,215,229,249,100,96,95,88,100,97,-28,-27,-35,-31,-37,-32,-33,-28,-56,-11,-34,-43,-69,-68,-56,-65]} 1. d4 Nf6 2. c4 g6 3. Nf3 Bg7 4. e3 O-O 5. Be2 d5 (5... d6 6. Nc3 Nc6 7. d5 Nb4 8. a3 Na6 9. Nd4 e5 10. dxe6 fxe6 11. O-O e5 12. Nb3 c6 13. e4 Nc7 14. f4 Ne6 {½-½ (59) Caruana,F (2784)-Carlsen,M (2843) Karlsruhe/Baden-Baden 2018}) 6. cxd5 {E60: King's Indian: Unusual lines and Fianchetto Variation without Nc3} Nxd5 7. O-O c6 8. Qc2 $146 {White is slightly better.} ({Predecessor:} 8. e4 Nb6 9. Be3 N8d7 10. a4 a5 11. Qb3 Nf6 12. d5 Nbd7 13. Nc3 cxd5 14. exd5 {½-½ (71) Colpe,M (2343)-Christ,R (2284) Germany 2014}) 8... Qd6 9. Nbd2 {[%cal Bb1d2,Bd2c4,Bc4a5,Ba5c6][%mdl 32]} Nd7 10. Rd1 Qb8 11. b3 Re8 12. Nc4 c5 13. Bb2 {Hoping for dxc5.} cxd4 ({Black should try} 13... b5 $14) 14. Nxd4 N7f6 15. h3 b5 (15... Bd7 $14) 16. Na5 $36 {[%mdl 2048] White is really pushing.} Bd7 17. Ndc6 Bxc6 18. Nxc6 Qb6 (18... Qb7 $142 19. Rac1 e6) 19. Bd4 Qb7 20. Rac1 a6 (20... Rac8 $16) 21. Bf3 $18 Rac8 {[#]} 22. Qc5 ({Not} 22. Bxd5 Nxd5 23. Bxg7 Nb4 $14) (22. Nxe7+ $1 $18 {is the precise move to win.} Qxe7 23. Qxc8 Rxc8 24. Rxc8+ Ne8 25. Bxd5 Bxd4 26. Rxd4) 22... e6 $16 23. Bxf6 Bxf6 24. Bxd5 exd5 25. Qxd5 (25. Rxd5 $16 Rc7 26. Qc2) 25... Red8 $1 $11 {[%cal Rd8d5]} 26. Nxd8 {[#] Rxc8 would kill now.} Qxd5 27. Rxd5 Rxc1+ {KRB-KRN} 28. Kh2 Rc2 29. Kg3 Rxa2 30. Nc6 Bc3 {Black is slightly better.} 31. f3 Rb2 32. Nb8 $1 Rxb3 {Precision: White = 45%, Black = 57%.} 1/2-1/2

[Event "11th Mumbai Mayors Cup 2018"]
[Site "Mumbai"]
[Date "2018.06.08"]
[Round "8"]
[White "Khusenkhojaev, Muhammad"]
[Black "Ghosh, Diptayan"]
[Result "1/2-1/2"]
[WhiteElo "2445"]
[BlackElo "2536"]
[Annotator "TA"]
[PlyCount "64"]
[EventDate "2018.??.??"]
[EventType "swiss"]
[EventCountry "IND"]
[SourceTitle "playchess.com"]
[Source "ChessBase"]
[SourceQuality "1"]

{[%evp 23,64,12,18,21,16,16,12,25,18,2,8,6,9,6,6,0,0,6,4,4,11,0,6,6,12,10,14,15,22,0,0,0,0,0,0,0,0,0,0,0,0,0,0]} 1. Nf3 Nf6 2. c4 e6 3. d4 b6 4. g3 Ba6 5. Qa4 Bb7 6. Bg2 c5 7. dxc5 Bxc5 8. O-O O-O 9. Nc3 Be7 10. Rd1 Na6 11. Bf4 Nc5 12. Qc2 Qc8 13. Rd4 {E15: Queen's Indian: 4 g3 sidelines, 4 g3 Ba6 and 4 g3 Bb7 early deviations} d5 14. cxd5 Nxd5 15. Nxd5 (15. Bg5 Nf6 16. Rc1 h6 17. Be3 Rd8 18. b4 Rxd4 19. Nxd4 Bxg2 20. Kxg2 Qb7+ {½-½ (31) Mareco,S (2625)-Almasi,Z (2682) Stockholm 2016}) 15... Bxd5 16. Ng5 {The position is equal.} Bxg5 $1 17. Bxg5 Bxg2 18. Kxg2 Qb7+ 19. Kg1 e5 20. Rc4 Ne6 $132 {[%mdl 2048] [#] Black is not keeping still} 21. Be3 $146 Rac8 22. Rc1 Rxc4 23. Qxc4 Rd8 24. a4 h6 25. b4 Nd4 26. Bxd4 (26. Qc7 {feels hotter.} Qd5 27. Bxd4 Qxd4 28. e3 Qd2 29. Ra1) 26... Rxd4 27. Qc8+ Qxc8 28. Rxc8+ $11 {KR-KR} Kh7 29. Rc7 Rxb4 30. Rxa7 f6 31. a5 bxa5 32. Rxa5 Kg6 {Precision: White = 69%, Black = 79%.} 1/2-1/2

[Event "11th Mumbai Mayors Cup 2018"]
[Site "Mumbai"]
[Date "2018.06.08"]
[Round "8"]
[White "Manik, Mikulas"]
[Black "Karthik Venkataraman"]
[Result "*"]
[WhiteElo "2399"]
[BlackElo "2475"]
[Annotator "TA"]
[PlyCount "31"]
[EventDate "2018.??.??"]
[EventType "swiss"]
[EventCountry "IND"]
[SourceTitle "playchess.com"]
[Source "ChessBase"]
[SourceQuality "1"]

{[%evp 24,31,32,0,1,7,112,-10,122,125]} 1. e4 c5 2. Nf3 d6 3. d4 Nf6 4. Nc3 cxd4 5. Nxd4 a6 6. Be2 e6 7. O-O Be7 8. f4 O-O 9. Kh1 Nc6 10. Be3 Bd7 11. Qe1 b5 12. a3 {[%cal Ba2a3,Ba3b4][%mdl 32] B85: Sizilianisch (Scheveninger System)} Rc8 (12... Qb8 13. Rd1 Nxd4 14. Bxd4 e5 15. Be3 Bc6 16. Bf3 a5 17. Qg3 Kh8 18. Nd5 Bxd5 19. exd5 Nd7 20. Qh3 f5 {½-½ (72) Lintchevski,D (2554)-Artemiev,V (2671) St Petersburg 2015}) 13. Bf3 {LiveBook: 4 Partien} Nxd4 14. Bxd4 e5 $146 (14... Bc6 $11 {hält das Gleichgewicht.}) ({Vorgänger:} 14... Bc6 15. Rd1 Qc7 16. Qg3 a5 17. e5 dxe5 18. Bxe5 {0-1 (31) Sanchez Castillo,S (2202)-Mekhitarian,K (2488) Sao Paulo 2009}) 15. Be3 ({Weiss kommt nicht vorbei an} 15. fxe5 $16 dxe5 16. Bxe5) 15... b4 (15... a5 $11) 16. axb4 *